Najdroższe transfery w historii La Liga - Statystyki

Ogólne statystyki
  • Ten quiz został rozwiązany 59 razy
  • Średni wynik to 6 z 15
Statystyki odpowiedzi
Kwota Klub kupujący Rok Piłkarz % Poprawnych
126 mln € Atletico Madryt 2019 João Félix
83%
105 mln € Real Madryt 2023 Jude Bellingham
69%
115 mln € FC Barcelona 2017 Ousmane Dembélé
69%
120 mln € FC Barcelona 2019 Antoine Griezmann
63%
88 mln € FC Barcelona 2013 Neymar
54%
103 mln € Real Madryt 2019 Eden Hazard
46%
80 mln € Real Madryt 2022 Aurélien Tchouaméni
42%
75 mln € FC Barcelona 2019 Frenkie de Jong
25%
63 mln € Real Madryt 2019 Luka Jović
25%
58 mln € FC Barcelona 2022 Raphinha
25%
45 mln € Real Madryt 2018 Vinícius Júnior
21%
45 mln € Real Madryt 2019 Rodrygo
19%
50 mln € Real Madryt 2019 Éder Militão
17%
55 mln € FC Barcelona 2021 Ferran Torres
17%
120 mln € FC Barcelona 2018 Philippe Coutinho
13%
Nie znaleziono quizów pasujących do podanych kryteriów
Rozkład punktacji
Procent ludzi z każdym wynikiem
Percentyl według liczby udzielonych odpowiedzi
Twoja historia wyników
Nie rozwiązałeś tego quizu